000 00394nam a22001577a 4500
003 OSt
008 231028b |||||||| |||| 00| 0 eng d
041 _aeng
082 _a537 BRO / Q
100 _aBrown, Clement
_95554
245 _aQuestions and Answers on Electronics
260 _aBombay:
_bBook Centre Pvt Ltd,
_c1996.
300 _a112pages.
650 _aElectronics
_9220
942 _cBK
999 _c17766
_d17766